| 000 | 00489nam a2200157Ia 4500 | ||
|---|---|---|---|
| 008 | 230917s9999||||xx |||||||||||||| ||und|| | ||
| 020 | _cRS5 | ||
| 040 |
_e168073 _aMAIN |
||
| 041 | _aEnglish | ||
| 082 | _a891.43152109 BH122:CS | ||
| 100 | _aचन्द्रदेव सिंह | ||
| 245 | 0 | _aबच्चन एक पहेली | |
| 260 |
_aवाराणसी _bहिन्दी प्रचारक प्रकाशन _c1968 |
||
| 300 | _a159 पृ. p. | ||
| 942 | _cHN | ||
| 999 |
_c39442 _d39442 |
||